[Event "España ch Sub-16 2008"]
[Site "Padron ESP"]
[Date "2008.07.22"]
[Round "4.26"]
[White "Navarro Diaz, Carles"]
[Black "Iglesias Gascon, David"]
[Result "1-0"]
[PlyCount "51"]
[EventDate "2008.07.20"]
[EventType "swiss"]
[EventRounds "9"]
[EventCountry "ESP"]
[Source "lmi"]
[SourceDate "2008.07.20"]
[WhiteElo "2020"]
[BlackElo "1904"]

1. d4 d5 2. c4 e6 3. Nc3 c5 4. e3 Nf6 5. Nf3 Nc6 6. Bd3 Be7 7. O-O O-O 8. a3
dxc4 9. Bxc4 Na5 10. Ba2 Qc7 11. Qe2 a6 12. Bd2 cxd4 13. exd4 Nc6 14. Rac1 Rd8
15. Rfd1 Ng4 16. g3 e5 17. Nd5 Qd6 18. Rxc6 bxc6 19. Bb4 Qh6 20. Nxe7+ Kh8 21.
Nxc6 Qxc6 22. d5 Qh6 23. h4 a5 24. Be7 Rd7 25. d6 Rda7 26. Ng5 1-0

[Event "España ch Sub-16 2008"]
[Site "Padron ESP"]
[Date "2008.07.22"]
[Round "4.27"]
[White "Arregui Untoria, Carlos"]
[Black "Silva Rodriguez, Fernando"]
[Result "0-1"]
[PlyCount "156"]
[EventDate "2008.07.20"]
[EventType "swiss"]
[EventRounds "9"]
[EventCountry "ESP"]
[Source "lmi"]
[SourceDate "2008.07.20"]
[WhiteElo "2012"]
[BlackElo "1890"]

1. d4 Nf6 2. c4 g6 3. f3 Bg7 4. e4 d6 5. Nc3 O-O 6. Be3 e5 7. d5 c6 8. Qd2 a5
9. Bd3 Na6 10. a3 Bd7 11. Bc2 cxd5 12. cxd5 b5 13. Qf2 Rb8 14. Bd3 Qc7 15. a4
Nb4 16. Bb1 Rfc8 17. Nge2 bxa4 18. O-O Na6 19. Rc1 Nc5 20. Bxc5 Qxc5 21. Qxc5
Rxc5 22. Nxa4 Rxc1+ 23. Nxc1 Bxa4 24. Rxa4 Rxb2 25. Bd3 Bh6 26. Rc4 Be3+ 27.
Kh1 Rd2 28. Bc2 Nd7 29. Nb3 Re2 30. g3 a4 31. Rc8+ Kg7 32. Rd8 axb3 33. Bxb3
Nc5 34. Bc4 Rc2 35. Bb5 Rb2 36. Bc4 Nb7 37. Rd7 Bc5 38. Ba6 Na5 39. Rc7 Nb3 40.
Rb7 Rb1+ 41. Kg2 Nd2 42. Rxb1 Nxb1 43. f4 Kf6 44. Bd3 Nc3 45. Kf3 h5 46. h3 Bd4
47. Bc2 Na2 48. Ba4 Nb4 49. Bd7 Ke7 50. Bb5 f5 51. Bc4 Nc2 52. Bb3 Nb4 53. Bc4
Nc2 54. Bb3 Na3 55. Ba2 Nb5 56. Bc4 Nc7 57. Bb3 Ne8 58. Bc2 Kf6 59. Ba4 Ng7 60.
Bd7 Ke7 61. Ba4 Kd8 62. Bc6 Kc7 63. Ba4 Kb6 64. Bd7 Kc5 65. Bc8 Bc3 66. Ke3 Be1
67. Kf3 Kd4 68. exf5 gxf5 69. fxe5 dxe5 70. g4 f4 71. Bb7 Bb4 72. d6 Bxd6 73.
Be4 Ne6 74. Bf5 Ng5+ 75. Kg2 h4 76. Bc8 e4 77. Bb7 f3+ 78. Kf2 e3+ 0-1

[Event "España ch Sub-16 2008"]
[Site "Padron ESP"]
[Date "2008.??.22"]
[Round "4.28"]
[White "Sevilla Subiza, Javier"]
[Black "Bujosa Ribas, Joan"]
[Result "1/2-1/2"]
[PlyCount "144"]
[EventDate "2008.07.20"]
[EventType "swiss"]
[EventRounds "9"]
[EventCountry "ESP"]
[Source "lmi"]
[SourceDate "2008.07.20"]
[WhiteElo "1830"]
[BlackElo "2012"]

1. d4 Nf6 2. Bg5 e6 3. e4 h6 4. Bxf6 Qxf6 5. Nc3 Bb4 6. Nf3 d6 7. Be2 Bxc3+ 8.
bxc3 Nd7 9. O-O O-O 10. Nd2 e5 11. Nc4 Re8 12. d5 Nc5 13. f3 Qg6 14. Bd3 f5 15.
Qe2 f4 16. a4 a5 17. Na3 Re7 18. Nc4 h5 19. Kh1 Qh6 20. Rg1 g5 21. g3 Kh7 22.
gxf4 gxf4 23. Qf2 Qf6 24. Qg2 Bd7 25. Qg5 Qxg5 26. Rxg5 Kh6 27. h4 Rg7 28. Rxg7
Kxg7 29. Nb2 Nxd3 30. cxd3 Kf6 31. Kg2 Rg8+ 32. Kf2 Rg3 33. Rh1 b6 34. c4 Ke7
35. Rg1 Rh3 36. Rg7+ Ke8 37. Kg2 Rxh4 38. Rh7 Bh3+ 39. Kg1 Bd7 40. Rxd7 Kxd7
41. Kg2 c6 42. Nd1 cxd5 43. exd5 Rg4+ 44. fxg4 hxg4 45. Nf2 g3 46. Nd1 Ke7 47.
Nc3 Kd8 48. Ne2 Kd7 49. Kf3 Ke7 50. d4 Kf6 51. Ke4 g2 52. Ng1 exd4 53. Kxf4 d3
54. Ke3 Ke5 55. Kxd3 Kf4 56. Kd4 Kg3 57. Ke3 Kg4 58. Ne2 Kf5 59. Kf3 Ke5 60.
Kxg2 Ke4 61. Kg3 Kd3 62. Nf4+ Kxc4 63. Kg4 b5 64. axb5 Kxb5 65. Kf5 a4 66. Ne2
a3 67. Ke6 Kc4 68. Nc1 Kc3 69. Na2+ Kb3 70. Nc1+ Kc2 71. Na2 Kb3 72. Nc1+ Kc2
1/2-1/2

[Event "España ch Sub-16 2008"]
[Site "Padron ESP"]
[Date "2008.07.22"]
[Round "4.29"]
[White "Lopez Garralon, Miguel"]
[Black "Cruz Lledo, Pablo"]
[Result "0-1"]
[PlyCount "48"]
[EventDate "2008.07.20"]
[EventType "swiss"]
[EventRounds "9"]
[EventCountry "ESP"]
[Source "lmi"]
[SourceDate "2008.07.20"]
[WhiteElo "1693"]
[BlackElo "2008"]

1. e4 d5 2. exd5 Qxd5 3. Nc3 Qd6 4. d4 c6 5. Nf3 Nf6 6. Be3 Bg4 7. Be2 e6 8.
Qd2 Be7 9. O-O-O Nd5 10. h3 Bxf3 11. Bxf3 Nd7 12. Nxd5 cxd5 13. Qa5 O-O 14. Rd3
Nb6 15. Kb1 Nc4 16. Qe1 Rac8 17. Rc3 b5 18. Be2 b4 19. Rb3 a5 20. c3 Qb6 21.
cxb4 a4 22. Rd3 Bxb4 23. Qd1 Nxb2 24. Kxb2 Bc3+ 0-1

[Event "España ch Sub-16 2008"]
[Site "Padron ESP"]
[Date "2008.07.22"]
[Round "4.30"]
[White "Bascunada Gonzalez, Sergio"]
[Black "Gimenez Menchon, Cesar"]
[Result "1/2-1/2"]
[PlyCount "54"]
[EventDate "2008.07.20"]
[EventType "swiss"]
[EventRounds "9"]
[EventCountry "ESP"]
[Source "lmi"]
[SourceDate "2008.07.20"]
[WhiteElo "1645"]
[BlackElo "1987"]

1. e4 e5 2. Nf3 Nf6 3. Nc3 Nc6 4. d4 exd4 5. Nxd4 Bb4 6. Nxc6 bxc6 7. Bd3 d5 8.
exd5 cxd5 9. O-O O-O 10. Bg5 Bb7 11. Bxf6 Qxf6 12. Nxd5 Qg5 13. Ne3 Bc5 14. Qg4
Bxe3 15. Qh3 Rfe8 16. fxe3 Rxe3 17. Qxh7+ Kf8 18. Rf2 Bd5 19. Qf5 Qxf5 20. Rxf5
c6 21. Rf4 Rae8 22. Raf1 Bxa2 23. Ra4 Bd5 24. Rxa7 Re2 25. Bxe2 Rxe2 26. Rf2
Re1+ 27. Rf1 Re2 1/2-1/2

[Event "España ch Sub-16 2008"]
[Site "Padron ESP"]
[Date "2008.07.22"]
[Round "4.31"]
[White "Collado Barbas, Laura"]
[Black "Perez Cuadrado Robles, Alejandro"]
[Result "1-0"]
[PlyCount "97"]
[EventDate "2008.07.20"]
[EventType "swiss"]
[EventRounds "9"]
[EventCountry "ESP"]
[Source "lmi"]
[SourceDate "2008.07.20"]
[WhiteElo "1983"]
[BlackElo "1885"]

1. d4 Nf6 2. c4 g6 3. Nc3 Bg7 4. e4 d6 5. Nf3 O-O 6. Be3 Bg4 7. h3 Bxf3 8. gxf3
e5 9. dxe5 dxe5 10. Qxd8 Rxd8 11. Nd5 Nxd5 12. cxd5 Nd7 13. Rc1 Rac8 14. Bb5
Nf6 15. Ke2 Ne8 16. Rc2 Nd6 17. Ba4 a5 18. a3 b5 19. Bb3 Kh8 20. Rhc1 Rd7 21.
a4 b4 22. Rc5 f5 23. Kd3 fxe4+ 24. fxe4 Nb7 25. Rb5 c6 26. Rxb7 Rxb7 27. dxc6
Rbc7 28. Bd5 Rb8 29. Rc5 Ra8 30. Rb5 h5 31. Bb6 Re7 32. c7 Rd7 33. Rxa5 Rf8 34.
Kc4 Kh7 35. Ra8 Rdf7 36. Rxf8 Rxf8 37. Bb7 Rf6 38. c8=Q Rxb6 39. Qc7 Rf6 40. a5
Rxf2 41. Kxb4 Rxb2+ 42. Ka3 Rb1 43. a6 Kh6 44. Ka2 Rb4 45. Qa5 Rd4 46. a7 Rd3
47. a8=Q Rxh3 48. Qd2+ Kh7 49. Bd5 1-0

[Event "España ch Sub-16 2008"]
[Site "Padron ESP"]
[Date "2008.07.22"]
[Round "4.32"]
[White "Alonso Macias, Victor"]
[Black "Alonso Caamano, Ruben"]
[Result "1-0"]
[PlyCount "65"]
[EventDate "2008.07.20"]
[EventType "swiss"]
[EventRounds "9"]
[EventCountry "ESP"]
[Source "lmi"]
[SourceDate "2008.07.20"]
[WhiteElo "1977"]
[BlackElo "1832"]

1. e4 c5 2. Nf3 Nc6 3. d4 cxd4 4. Nxd4 e5 5. Nb5 d6 6. c4 Be7 7. N1c3 a6 8. Na3
Be6 9. Be2 Nf6 10. O-O O-O 11. Nc2 Kh8 12. Kh1 Rc8 13. b3 Nd7 14. Bg4 Nf6 15.
Bf5 Qd7 16. Qd3 g6 17. Bxe6 fxe6 18. h3 Rcd8 19. Bh6 Rf7 20. Rad1 Qc7 21. b4 d5
22. c5 dxe4 23. Qc4 Ng8 24. Be3 Rxd1 25. Rxd1 Qc8 26. Nxe4 Nf6 27. Ng5 Rf8 28.
Nxe6 Re8 29. Bh6 Rg8 30. Ng5 Nd8 31. Rxd8 Rxd8 32. Nf7+ Kg8 33. Nxd8+ 1-0

[Event "España ch Sub-16 2008"]
[Site "Padron ESP"]
[Date "2008.07.22"]
[Round "4.33"]
[White "Pedreira Giralda, Francisco"]
[Black "Conejero Sanchez, Alvaro"]
[Result "0-1"]
[WhiteElo "1608"]
[BlackElo "1975"]
[PlyCount "94"]
[EventDate "2008.07.20"]
[EventType "swiss"]
[EventRounds "9"]
[EventCountry "ESP"]
[Source "lmi"]
[SourceDate "2008.07.20"]

1. Nf3 Nf6 2. g3 g6 3. Bg2 Bg7 4. O-O d6 5. d3 O-O 6. c4 Nbd7 7. Nc3 c6 8. Bg5
h6 9. Bd2 Qc7 10. Qc1 Kh7 11. Qc2 e5 12. Rac1 Ng8 13. b4 Ne7 14. Qb3 f5 15. e3
Nf6 16. Ne1 Be6 17. f4 exf4 18. exf4 Ng4 19. Nd1 b5 20. Bc3 bxc4 21. dxc4 Bxc3
22. Qxc3 Rab8 23. a3 Rbd8 24. Ne3 Nf6 25. N1c2 Bc8 26. Rfd1 c5 27. b5 Bb7 28.
Ne1 Bxg2 29. Kxg2 Ne4 30. Qd3 Rfe8 31. Nd5 Nxd5 32. Qxd5 Re7 33. Nf3 Qa5 34.
Qd3 Nf6 35. Re1 Re4 36. Nd2 Rd4 37. Nb3 Qxa3 38. Qc3 Ne4 39. Qc2 Rd7 40. Nxd4
cxd4 41. Ra1 Qc5 42. g4 d5 43. gxf5 gxf5 44. Rac1 Rg7+ 45. Kf3 d3 46. Qb2 d2
47. Rf1 dxc1=Q 0-1

[Event "España ch Sub-16 2008"]
[Site "Padron ESP"]
[Date "2008.07.22"]
[Round "4.34"]
[White "Garcia Salamero, Gabriel"]
[Black "Coll Ortega, Cristina"]
[Result "1/2-1/2"]
[WhiteElo "1973"]
[BlackElo "1775"]
[PlyCount "121"]
[EventDate "2008.07.20"]
[EventType "swiss"]
[EventRounds "9"]
[EventCountry "ESP"]
[Source "lmi"]
[SourceDate "2008.07.20"]

1. e4 d5 2. exd5 Qxd5 3. Nc3 Qd6 4. d4 Nf6 5. Bc4 c6 6. Nf3 Bg4 7. Be3 e6 8. h3
Bxf3 9. Qxf3 Nbd7 10. O-O-O Qc7 11. Rhe1 Nb6 12. Bb3 Bd6 13. d5 Nbxd5 14. Bxd5
Nxd5 15. Nxd5 cxd5 16. Rxd5 O-O 17. Rg5 g6 18. Kb1 Rfc8 19. c3 Bf8 20. Bd4 Bg7
21. Bxg7 Kxg7 22. h4 Qc6 23. Qg3 h6 24. Rge5 Rd8 25. h5 Rd6 26. hxg6 fxg6 27.
Qg4 Re8 28. f4 Qc4 29. Qf3 Re7 30. f5 Rf7 31. b3 Qa6 32. g4 exf5 33. gxf5 Qd3+
34. Qxd3 Rxd3 35. fxg6 Kxg6 36. Rg1+ Kf6 37. Rh5 Rh7 38. Kc2 Rf3 39. a4 Rf5 40.
Rh4 h5 41. b4 Rf3 42. Rd1 Kg5 43. Rdd4 Rc7 44. c4 Rcf7 45. Rh1 Rf2+ 46. Kd3
R2f3+ 47. Ke4 R3f4+ 48. Kd5 Rxd4+ 49. Kxd4 Rf5 50. a5 a6 51. Rg1+ Kf6 52. Rh1
Kg5 53. Ke4 Rf4+ 54. Kd5 Rf5+ 55. Kd6 h4 56. Kc7 Rf7+ 57. Kb6 Rh7 58. c5 Kg4
59. c6 bxc6 60. Kxa6 Rh5 61. Kb6 1/2-1/2

[Event "España ch Sub-16 2008"]
[Site "Padron ESP"]
[Date "2008.07.22"]
[Round "4.37"]
[White "Martinez Vecillas, Javier"]
[Black "Moreno Martin, Daniel"]
[Result "0-1"]
[WhiteElo "1851"]
[BlackElo "2091"]
[PlyCount "104"]
[EventDate "2008.07.20"]
[EventType "swiss"]
[EventRounds "9"]
[EventCountry "ESP"]
[Source "lmi"]
[SourceDate "2008.07.20"]

1. e4 e6 2. d4 d5 3. exd5 exd5 4. Nf3 Bg4 5. Bd3 Nc6 6. c3 Bd6 7. O-O Nge7 8.
Bg5 f6 9. Bh4 Qd7 10. Nbd2 O-O 11. Bg3 Nd8 12. Bxd6 Qxd6 13. Qc2 g6 14. Rfe1
Ne6 15. h3 Bf5 16. Bxf5 Nxf5 17. Nf1 c6 18. Ne3 Nfg7 19. g3 f5 20. Ne5 f4 21.
Ng2 fxg3 22. fxg3 Ng5 23. h4 Ne4 24. g4 Rf2 25. Re2 Raf8 26. Rae1 Rxe2 27. Rxe2
Qf6 28. Qd1 Ng3 29. Rd2 h5 30. Qe1 Qf1+ 31. Qxf1 Rxf1+ 32. Kh2 Ne4 33. Re2 hxg4
34. Nxg4 Nh5 35. N2e3 Ra1 36. Rg2 Nf4 37. Rc2 Rxa2 38. Ne5 Kg7 39. Ng2 Nh5 40.
Ne1 Ra1 41. N1d3 Nhg3 42. Rc1 Rxc1 43. Nxc1 Nf5 44. Ned3 Nxh4 45. Nf4 g5 46.
Ne6+ Kf6 47. Nd8 Nd6 48. Kh3 Nhf5 49. b3 Ne3 50. Kg3 Nf1+ 51. Kf2 Nd2 52. Ke3
Nxb3 0-1

[Event "España ch Sub-16 2008"]
[Site "Padron ESP"]
[Date "2008.07.22"]
[Round "4.38"]
[White "Subirats Ruiz, Sergi"]
[Black "Pareja Alvarez, Diego"]
[Result "1-0"]
[WhiteElo "2054"]
[BlackElo "1876"]
[PlyCount "131"]
[EventDate "2008.07.20"]
[EventType "swiss"]
[EventRounds "9"]
[EventCountry "ESP"]
[Source "lmi"]
[SourceDate "2008.07.20"]

1. e4 c6 2. Nf3 d5 3. Nc3 Nf6 4. e5 Nfd7 5. d4 e6 6. Ne2 c5 7. c3 Nc6 8. g4 Qa5
9. Bd2 cxd4 10. cxd4 Bb4 11. Nf4 Nb6 12. a3 Bxd2+ 13. Qxd2 Qxd2+ 14. Kxd2 Na5
15. Kc3 Bd7 16. b3 Rc8+ 17. Kb2 O-O 18. g5 Rc7 19. Nd3 Rfc8 20. Rc1 Rxc1 21.
Nxc1 a6 22. Bd3 Nc6 23. Bc2 a5 24. Nd3 a4 25. bxa4 Na5 26. Nc5 Nac4+ 27. Ka2
Bc6 28. Rb1 Ra8 29. Rb4 Ra7 30. Ng1 g6 31. Ne2 Nd7 32. Nxd7 Bxd7 33. Nc3 Bc6
34. Nb5 Ra8 35. Bd1 Kg7 36. Nc3 h6 37. h4 h5 38. Be2 Na5 39. Nb5 Rc8 40. Nd6
Rc7 41. Kb2 Kf8 42. Bd3 Ke7 43. Bb5 Kf8 44. Bxc6 Nxc6 45. Rxb7 Rxb7+ 46. Nxb7
Nxd4 47. a5 Ke7 48. a6 Nc6 49. Nd6 Kd7 50. Nxf7 Kc7 51. f4 Kb6 52. Nh8 Ne7 53.
Kc3 Kxa6 54. Nf7 Nf5 55. Nd8 Ng7 56. a4 Ka5 57. Nc6+ Kxa4 58. Ne7 Kb5 59. Nxg6
Nf5 60. Nf8 Nxh4 61. g6 Nf5 62. Nxe6 Ne7 63. g7 h4 64. Ng5 d4+ 65. Kd3 Kc6 66.
f5 1-0

[Event "España ch Sub-16 2008"]
[Site "Padron ESP"]
[Date "2008.07.22"]
[Round "4.39"]
[White "Tejedor Ariza, Francisco"]
[Black "Dosuna Aguilar, Endika"]
[Result "1-0"]
[WhiteElo "2010"]
[BlackElo "1802"]
[PlyCount "69"]
[EventDate "2008.07.20"]
[EventType "swiss"]
[EventRounds "9"]
[EventCountry "ESP"]
[Source "lmi"]
[SourceDate "2008.07.20"]

1. e4 c5 2. Nf3 d6 3. d4 cxd4 4. Nxd4 Nf6 5. Bd3 Nc6 6. Nxc6 bxc6 7. O-O g6 8.
Kh1 Bg7 9. c4 Qb6 10. Qe2 O-O 11. Be3 Qc7 12. f3 Rb8 13. Nc3 Rd8 14. Rab1 a5
15. Rfc1 Ba6 16. a3 d5 17. cxd5 Bxd3 18. Qxd3 cxd5 19. Nxd5 Qb7 20. Nxf6+ Bxf6
21. Qe2 Qb3 22. Bf4 e5 23. Bd2 a4 24. Ba5 Rdc8 25. Bb4 Bg5 26. Rxc8+ Rxc8 27.
Qa6 Rd8 28. Qe2 Rc8 29. Qd1 Qc4 30. Qxa4 Qc1+ 31. Qd1 Qxb1 32. Qxb1 Rc1+ 33.
Qxc1 Bxc1 34. Bc3 Be3 35. Bxe5 1-0

[Event "España ch Sub-16 2008"]
[Site "Padron ESP"]
[Date "2008.07.22"]
[Round "4.40"]
[White "Gomez Calomarde, Saul"]
[Black "Ontanon Gomez, Jesus"]
[Result "1-0"]
[WhiteElo "2008"]
[BlackElo "1761"]
[PlyCount "83"]
[EventDate "2008.07.20"]
[EventType "swiss"]
[EventRounds "9"]
[EventCountry "ESP"]
[Source "lmi"]
[SourceDate "2008.07.20"]

1. d4 Nf6 2. Bf4 c5 3. c3 cxd4 4. cxd4 g6 5. Nc3 d5 6. Nf3 Bg7 7. e3 a6 8. Bd3
O-O 9. O-O Nc6 10. Qd2 Bd7 11. Ne5 e6 12. Rfc1 Rc8 13. Rab1 b5 14. b4 Nxe5 15.
Bxe5 Ne8 16. Bg3 Qb6 17. Qe2 Nd6 18. Bxd6 Qxd6 19. a4 e5 20. dxe5 Bxe5 21. Na2
Qb8 22. f4 Bg7 23. Rc5 bxa4 24. Rxd5 Be6 25. Ra5 Bb3 26. Nc1 Qxb4 27. Rxa6 Rc3
28. Na2 Qc5 29. Nxc3 Qxc3 30. Bb5 Rd8 31. Qe1 Rd2 32. Bxa4 Qc2 33. Bxb3 Rxg2+
34. Kf1 Rf2+ 35. Qxf2 Qxb1+ 36. Qe1 Qxb3 37. Ra8+ Bf8 38. Kf2 Qb7 39. Qa1 Qe7
40. Kf3 Qb7+ 41. Kg3 Qe4 42. Qa3 1-0

[Event "España ch Sub-16 2008"]
[Site "Padron ESP"]
[Date "2008.07.22"]
[Round "4.41"]
[White "Gallego Martin, Miguel"]
[Black "Lopez Quevedo, Eduardo"]
[Result "0-1"]
[WhiteElo "1848"]
[BlackElo "1998"]
[PlyCount "68"]
[EventDate "2008.07.20"]
[EventType "swiss"]
[EventRounds "9"]
[EventCountry "ESP"]
[Source "lmi"]
[SourceDate "2008.07.20"]

1. d4 d5 2. c4 e6 3. Nf3 c6 4. e3 Bd6 5. Bd3 f5 6. b3 Nh6 7. O-O Qe7 8. a4 O-O
9. Ba3 Bxa3 10. Nxa3 Nd7 11. Nc2 g5 12. Nd2 Qg7 13. b4 e5 14. b5 e4 15. Be2 f4
16. bxc6 bxc6 17. Nb4 Nf5 18. Nxc6 Nf6 19. Ra3 Nh4 20. Ne5 Qh6 21. Ng4 Nxg4 22.
Bxg4 f3 23. Bxc8 fxg2 24. Bb7 gxf1=Q+ 25. Qxf1 Rad8 26. Bxd5+ Rxd5 27. cxd5 Kh8
28. Rc3 g4 29. Rc6 Qh5 30. Rc5 Qg6 31. Rc6 Qf5 32. Rc5 Rg8 33. Kh1 Nf3 34. Nxf3
gxf3 0-1

[Event "España ch Sub-16 2008"]
[Site "Padron ESP"]
[Date "2008.07.22"]
[Round "4.42"]
[White "Salido Polo, Veronica"]
[Black "Santana Montero, Pedro Luis"]
[Result "0-1"]
[WhiteElo "1835"]
[BlackElo "1969"]
[PlyCount "114"]
[EventDate "2008.07.20"]
[EventType "swiss"]
[EventRounds "9"]
[EventCountry "ESP"]
[Source "lmi"]
[SourceDate "2008.07.20"]

1. e4 e6 2. d4 d5 3. Nd2 c5 4. exd5 exd5 5. Ngf3 Nc6 6. Bb5 Bd6 7. dxc5 Bxc5 8.
O-O Nge7 9. Nb3 Bd6 10. Re1 O-O 11. c3 Bg4 12. Bd3 h6 13. Bb1 Re8 14. Be3 Nf5
15. Qd3 Bxf3 16. Qxf5 Be4 17. Bxe4 dxe4 18. Rad1 Qc7 19. Qh3 Ne5 20. Nd4 a6 21.
Nf5 Bf8 22. Qg3 Kh7 23. Bf4 Qc5 24. Rxe4 Nc4 25. Rxe8 Rxe8 26. Nd4 Nxb2 27. Rb1
Qa3 28. Ra1 Qxa2 29. Rf1 Qc4 30. h4 Nd3 31. Bd2 Bc5 32. Nf5 g6 33. Ne3 Qe6 34.
Ng4 Ne5 35. Re1 Qxg4 36. Qxg4 Bxf2+ 37. Kf1 Nxg4 38. Rxe8 b6 39. Be1 Bc5 40.
Ke2 Kg7 41. c4 Kf6 42. Bg3 a5 43. Re4 h5 44. Kf3 Kf5 45. Rf4+ Ke6 46. Re4+ Kd7
47. Re2 a4 48. Rd2+ Kc6 49. Rd8 a3 50. Ra8 Ne3 51. Ra7 Nxc4 52. Rxf7 a2 53. Ra7
Ba3 54. Rxa3 Nxa3 55. Be5 Nc2 56. Kf4 a1=Q 57. Bxa1 Nxa1 0-1

[Event "España ch Sub-16 2008"]
[Site "Padron ESP"]
[Date "2008.07.22"]
[Round "4.43"]
[White "Garro Beraza, Julen"]
[Black "Gutierrez Valero, Mario"]
[Result "0-1"]
[WhiteElo "1793"]
[BlackElo "1945"]
[PlyCount "74"]
[EventDate "2008.07.20"]
[EventType "swiss"]
[EventRounds "9"]
[EventCountry "ESP"]
[Source "lmi"]
[SourceDate "2008.07.20"]

1. e4 c5 2. Nf3 d6 3. d4 cxd4 4. Nxd4 Nf6 5. Nc3 a6 6. f3 e5 7. Nb3 Be6 8. Be3
Be7 9. Qd2 O-O 10. O-O-O a5 11. Kb1 a4 12. Nc1 a3 13. b3 Na6 14. Nd5 Nxd5 15.
exd5 Bd7 16. g4 Qc7 17. g5 Rac8 18. Bd3 f5 19. gxf6 Bxf6 20. Be4 Nc5 21. Rhg1
b5 22. Nd3 Nxe4 23. fxe4 Be8 24. Rdf1 Bg6 25. Rg4 Qd7 26. Rfg1 Rc7 27. Nb4 Bh5
28. R4g3 Bh4 29. Rxg7+ Qxg7 30. Rxg7+ Rxg7 31. c4 Rf1+ 32. Kc2 Bf3 33. Qd3 Rg2+
34. Bd2 Rff2 35. Kc3 Rxd2 36. Qxf3 Be1 37. Qh5 Rd4# 0-1

[Event "España ch Sub-16 2008"]
[Site "Padron ESP"]
[Date "2008.07.22"]
[Round "4.44"]
[White "Villar Perez, Samuel"]
[Black "Carballo Noya, Miguel"]
[Result "1-0"]
[WhiteElo "1937"]
[BlackElo "1726"]
[PlyCount "95"]
[EventDate "2008.07.20"]
[EventType "swiss"]
[EventRounds "9"]
[EventCountry "ESP"]
[Source "lmi"]
[SourceDate "2008.07.20"]

1. e4 e6 2. Nc3 d5 3. d4 Nf6 4. Bg5 Bb4 5. e5 h6 6. Bd2 Bxc3 7. Bxc3 Ne4 8. Bb4
a5 9. Ba3 b6 10. Qg4 Qg5 11. Qd1 Ba6 12. Ne2 Bxe2 13. Qxe2 Nd7 14. g3 Qf5 15.
f3 Ng5 16. Bg2 f6 17. O-O c6 18. f4 Ne4 19. Rae1 h5 20. c4 Rh6 21. Bf3 h4 22.
Bxe4 dxe4 23. Qxe4 Qxe4 24. Rxe4 f5 25. Re3 Kf7 26. gxh4 Rah8 27. h3 Rxh4 28.
Kg2 R8h6 29. Rff3 Rg6+ 30. Kf2 Rh8 31. Rd3 b5 32. b3 Rc8 33. Bd6 Nb6 34. Rc3 b4
35. Rcd3 Nd7 36. Rd2 Nb6 37. Rfd3 Rh6 38. Rg3 Rg6 39. Rxg6 Kxg6 40. Kg3 Kf7 41.
Rg2 g6 42. h4 Kg7 43. Kh3 Kh6 44. Be7 Kh7 45. h5 gxh5 46. Kh4 Re8 47. Bf6 Nc8
48. Kxh5 1-0

[Event "España ch Sub-16 2008"]
[Site "Padron ESP"]
[Date "2008.07.22"]
[Round "4.45"]
[White "Galan Martin, Alejandro"]
[Black "Gonzalez Carro, Victor"]
[Result "1-0"]
[WhiteElo "1925"]
[BlackElo "1656"]
[PlyCount "137"]
[EventDate "2008.07.20"]
[EventType "swiss"]
[EventRounds "9"]
[EventCountry "ESP"]
[Source "lmi"]
[SourceDate "2008.07.20"]

1. e4 d5 2. exd5 Nf6 3. d4 Bg4 4. Nf3 Qxd5 5. Be2 Nc6 6. c4 Qh5 7. Be3 O-O-O 8.
Nbd2 e6 9. a3 Bd6 10. b4 e5 11. d5 Nd4 12. Nxd4 exd4 13. Bxd4 Bxe2 14. Qxe2
Rhe8 15. Be3 Qxe2+ 16. Kxe2 Ng4 17. h3 Nxe3 18. fxe3 Bf4 19. Nf1 Bh6 20. g4 Re5
21. Re1 Rde8 22. Kd3 g6 23. Rh2 Rd8 24. e4 c6 25. Rf2 cxd5 26. cxd5 Rdxd5+ 27.
exd5 Rxe1 28. Rxf7 Ra1 29. Kd4 Rxa3 30. Rxh7 Bf4 31. Ke4 g5 32. Re7 Ra1 33. h4
Re1+ 34. Kf5 Rxe7 35. hxg5 Bc1 36. Ng3 Kd7 37. Nh5 Kd6 38. g6 Bb2 39. Kg5 Kxd5
40. Kh6 Kc4 41. g5 Kxb4 42. Nf6 a5 43. Nd5+ Kb3 44. Nxe7 a4 45. Nd5 a3 46. Nf6
a2 47. g7 a1=Q 48. g8=Q+ Kc2 49. Qc4+ Kd2 50. Qf4+ Kc2 51. Qe4+ Kd2 52. Qd5+
Kc2 53. Qc4+ Kd2 54. Qf4+ Kc2 55. Qf2+ Kd3 56. Qf3+ Kc2 57. Qe2+ Kb1 58. Qd1+
Ka2 59. Qd5+ Kb1 60. Qxb7 Kc2 61. Qe4+ Kd2 62. Qg2+ Kd3 63. Qf3+ Kc2 64. Qe2+
Kb3 65. Qd3+ Ka2 66. Qa6+ Kb1 67. Qxa1+ Kxa1 68. Kg7 Kb1 69. Kf7 1-0

[Event "España ch Sub-16 2008"]
[Site "Padron ESP"]
[Date "2008.07.22"]
[Round "4.47"]
[White "Alsina Lopez, Adolfo"]
[Black "Otero Nogueira, Brais"]
[Result "0-1"]
[WhiteElo "1599"]
[BlackElo "1917"]
[PlyCount "50"]
[EventDate "2008.07.20"]
[EventType "swiss"]
[EventRounds "9"]
[EventCountry "ESP"]
[Source "lmi"]
[SourceDate "2008.07.20"]

1. d4 Nf6 2. c4 g6 3. Nc3 Bg7 4. e4 d6 5. f3 O-O 6. Be3 Nbd7 7. Qd2 c5 8. d5 a6
9. Bd3 Rb8 10. Nge2 Qa5 11. O-O-O b5 12. b3 Ne5 13. cxb5 axb5 14. f4 Nxd3+ 15.
Qxd3 b4 16. Na4 Bd7 17. Qc2 Bxa4 18. bxa4 Ra8 19. Ng3 Qxa4 20. Qxa4 Rxa4 21.
Kb1 Rfa8 22. Rd2 b3 23. axb3 Ra1+ 24. Kc2 Rxh1 25. Nxh1 Nxe4 0-1

[Event "España ch Sub-16 2008"]
[Site "Padron ESP"]
[Date "2008.07.22"]
[Round "4.49"]
[White "Lorenzo Serrano, Henar"]
[Black "Perera Borrego, Mariela"]
[Result "0-1"]
[WhiteElo "1745"]
[BlackElo "1889"]
[PlyCount "82"]
[EventDate "2008.07.20"]
[EventType "swiss"]
[EventRounds "9"]
[EventCountry "ESP"]
[Source "lmi"]
[SourceDate "2008.07.20"]

1. e4 d6 2. d4 Nf6 3. Nc3 e5 4. dxe5 dxe5 5. Qxd8+ Kxd8 6. Nf3 Bd6 7. Bd2 c6 8.
O-O-O Ke7 9. Be2 b5 10. Bg5 Nbd7 11. Nd2 h6 12. Be3 Nb6 13. a3 Ng4 14. Bxg4
Bxg4 15. Rdf1 f6 16. h3 Be6 17. Ne2 Nc4 18. Nxc4 Bxc4 19. Re1 a5 20. f4 Bxe2
21. fxe5 Bxe5 22. Rxe2 Rhd8 23. Rd2 Rxd2 24. Bxd2 Bc7 25. Rd1 Ke6 26. c3 Bg3
27. Be1 Bxe1 28. Rxe1 Rd8 29. Kc2 c5 30. Re3 Ke5 31. g3 h5 32. Re2 c4 33. Re3
Rd6 34. b3 g5 35. a4 bxa4 36. bxc4 Rb6 37. Kd3 Rb2 38. c5 a3 39. c6 a2 40. c7
a1=Q 41. c8=Q Qf1+ 0-1

[Event "España ch Sub-16 2008"]
[Site "Padron ESP"]
[Date "2008.07.22"]
[Round "4.50"]
[White "Diaz Diaz, Herena"]
[Black "Pozueta Alegria, Adrian"]
[Result "0-1"]
[WhiteElo "1806"]
[BlackElo "2016"]
[PlyCount "60"]
[EventDate "2008.07.20"]
[EventType "swiss"]
[EventRounds "9"]
[EventCountry "ESP"]
[Source "lmi"]
[SourceDate "2008.07.20"]

1. e4 e6 2. d4 d5 3. Nc3 Bb4 4. Nge2 dxe4 5. a3 Bxc3+ 6. Nxc3 f5 7. Bf4 Ne7 8.
Qd2 O-O 9. O-O-O c6 10. f3 b5 11. fxe4 a5 12. exf5 b4 13. Nb1 Nxf5 14. g4 Nd6
15. Bd3 Ba6 16. Be5 Nc4 17. Qe2 Qd5 18. Qe4 g6 19. Qxd5 exd5 20. Bg3 Nd7 21.
Rhf1 Nf6 22. Rde1 bxa3 23. Nxa3 Nxa3 24. bxa3 Bxd3 25. cxd3 Nxg4 26. Kd2 Nh6
27. Rxf8+ Rxf8 28. Re7 Nf5 29. Ra7 Nxd4 30. Kc3 Nb5+ 0-1